Statistics for Most Common Language to Country #2

Click here to take the quiz!

General Stats

  • This quiz has been taken 41 times
    (11 since last reset)
  • The average score is 8 of 15

Answer Stats

CountryAnswer% Correct
VenezuelaSpanish
100%
JamaicaEnglish
90%
TaiwanMandarin
90%
NorwayNorwegian
90%
UzbekistanUzbek
80%
AzerbaijanAzerbaijani
70%
CambodiaKhmer
60%
ZimbabweShona
50%
PhilippinesTagalog
50%
SloveniaSlovene
40%
GabonFrench
30%
RwandaKinyarwanda
30%
BurundiKirundi
30%
PakistanPunjabi
20%
East TimorTetun Dili
10%

Score Distribution

Percentile by Number Answered

Percent of People with Each Score

Your Score History

You have not taken this quiz since the last reset